00445cam a22001572 4500001001100000005001700011008004100028020002500069040001500094050001700109100003300126245003000159260004200189300001600231650004000247000000355720151217145736.0070509s xx 000 0 eng d a0674179536 :cGBP 14 aKABUcKABU 0aLB1051b.B781 aBrunner, Jerome.@000015355614aThe Culture of education. aLondon :bHarvard Univ. Press,c1996. axvi, 224 p. 0aEducational psychology.@0000153557